Biotechnology, agriculture, and food security in South Africa. / (Record no. 13014)
[ view plain ]
| 000 -LEADER | |
|---|---|
| fixed length control field | 00734cam a22002052 4500 |
| 001 - CONTROL NUMBER | |
| control field | 0000006011 |
| 005 - DATE AND TIME OF LATEST TRANSACTION | |
| control field | 20151217155830.0 |
| 008 - FIXED-LENGTH DATA ELEMENTS--GENERAL INFORMATION | |
| fixed length control field | 070912s xx 000 0 eng d |
| 020 ## - INTERNATIONAL STANDARD BOOK NUMBER | |
| International Standard Book Number | 0896297373 : |
| Terms of availability | KES 1,560 |
| 040 ## - CATALOGING SOURCE | |
| Original cataloging agency | KABU |
| Transcribing agency | KABU |
| 245 10 - TITLE STATEMENT | |
| Title | Biotechnology, agriculture, and food security in South Africa. / |
| Statement of responsibility, etc. | ed. by Steven Were Omamo and Klaus von Grebmer. |
| 260 ## - PUBLICATION, DISTRIBUTION, ETC. (IMPRINT) | |
| Place of publication, distribution, etc. | Washington D.C. : |
| Name of publisher, distributor, etc. | IFPRT, |
| Date of publication, distribution, etc. | 2005. |
| 300 ## - PHYSICAL DESCRIPTION | |
| Extent | viii, 297 p. |
| 650 #0 - SUBJECT ADDED ENTRY--TOPICAL TERM | |
| Topical term or geographic name as entry element | Agricultural biotechnology |
| General subdivision | Government policy |
| Geographic subdivision | Africa, Southern. |
| -- | 0000157356 |
| 700 1# - ADDED ENTRY--PERSONAL NAME | |
| Personal name | Omamo, Stephen Were. |
| -- | 0000157357 |
| 700 1# - ADDED ENTRY--PERSONAL NAME | |
| Personal name | Grebmer, Klaus von. |
| -- | 0000157358 |
| 908 ## - PUT COMMAND PARAMETER (RLIN) | |
| Put command parameter | 070912 |
| 950 ## - LOCAL HOLDINGS (RLIN) | |
| -- | 1 |
| Withdrawn status | Lost status | Source of classification or shelving scheme | Not for loan | Home library | Current library | Date acquired | Total Checkouts | Full call number | Barcode | Date last seen | Price effective from | Koha item type |
|---|---|---|---|---|---|---|---|---|---|---|---|---|
| Library of Congress Classification | Kabarak, Main Campus | Kabarak, Main Campus | 17/12/2015 | S494.5 B563B56 | 005037 | 17/12/2015 | 17/12/2015 | Africana Collection |